[Event "Challenge"]
[Site "http://www.queenalice.com/game.php?id=853460"]
[Date "2010.11.2"]
[Round "-"]
[White "McKubik"]
[Black "dhiratsuka"]
[Result "0-1"]
[WhiteElo "1475"]
[BlackElo "1598"]

1. e4 e5 2. Nf3 d6 3. Nc3 Nf6 4. Bc4 d5 5. Bb5+ c6 6. Ba4 Qb6 7. Qe2 Bc5 8. O-O
Ng4 9. h3 Bxf2+ 10. Rxf2 dxe4 11. Ne1 Nf6 12. d3 e3 13. Rf5 Bxf5 14. b3 Qd4 15.
Bxe3 Qxc3 16. Qd1 b5 17. Bxb5 cxb5 18. d4 Qxe3+ 19. Kh2 exd4 20. Qf3 Be4 21.
Qxe3 dxe3 22. c4 bxc4 23. bxc4 O-O 24. Rd1 Nc6 25. a3 Rad8 26. Rb1 Bxb1 27. a4
Rd1 28. Nf3 e2 29. g4 Ne5 30. Nxe5 e1=Q 31. Nxf7 Qg1# 0-1

[Event "Challenge"]
[Site "http://www.queenalice.com/game.php?id=857150"]
[Date "2010.11.10"]
[Round "-"]
[White "dhiratsuka"]
[Black "rodriw02"]
[Result "1-0"]
[WhiteElo "1584"]
[BlackElo "1487"]

1. e4 e5 2. Nc3 Nc6 3. f3 Nd4 4. Nd5 c6 5. Ne3 g6 6. c3 Ne6 7. d4 exd4 8. cxd4
b5 9. d5 cxd5 10. Nxd5 h5 11. Bxb5 a6 12. Be2 Bb7 13. Bc4 Bc5 14. b4 Bd4 15. Rb1
Qc8 16. Nb6 Bxb6 17. Bxe6 fxe6 18. b5 a5 19. Nh3 Qc4 20. a4 Nf6 21. Bg5 Nh7 22.
Rc1 Qb4+ 23. Qd2 Bd4 24. Qxb4 axb4 25. Nf4 Nxg5 26. Nxg6 Rh6 27. Nf4 Be3 28. Rc7
Rb8 29. Nd3 b3 30. Ke2 Bd4 31. Rd1 Rg6 32. Nc5 b2 33. Nxb7 Bb6 34. Nd6+ Kf8 35.
Rxd7 e5 36. h4 Nh3 37. Rf7+ Kg8 38. gxh3 Rg2+ 39. Kd3 Rd8 40. Kc3 Bc5 41. Rf6
Bxd6 42. Rb1 Ba3 43. Kb3 Rd3+ 44. Ka2 Be7 45. Rxb2 Ra3+ 46. Kb1 Bxf6 47. Rxg2+
Kf7 48. b6 Rxa4 49. Rb2 Ra8 50. Ra2 Rb8 51. Rb2 Be7 52. b7 Ba3 53. Rb5 Bd6 54.
Kb2 Rg8 55. Ra5 Rg2+ 56. Kc3 Rg3 57. Kc4 Rxf3 58. Kd5 Ke7 59. Ra7 Rd3+ 60. Kc6
Rd4 61. b8=Q+ Ke6 62. Qc8+ Kf6 63. Qf5# 1-0

[Event "Challenge"]
[Site "http://www.queenalice.com/game.php?id=859506"]
[Date "2010.11.16"]
[Round "-"]
[White "acm_chessmaster"]
[Black "dhiratsuka"]
[Result "1-0"]
[WhiteElo "1736"]
[BlackElo "1594"]

1. e4 e5 2. Nf3 f6 3. Bc4 Ne7 4. O-O d5 5. exd5 Nxd5 6. Nc3 Nxc3 7. dxc3 Bd7 8.
Qd5 Qe7 9. Qxb7 Nc6 10. Qxa8+ Nd8 11. Qxa7 Bc6 12. Nh4 g5 13. Nf5 Qd7 14. g4 Be4
15. Ne3 Bf3 16. h3 h5 17. Qa6 hxg4 18. Qxf6 Rxh3 19. Ng2 g3 20. Bxg5 Bc5 21.
Qxe5+ Ne6 22. Rae1 Bxf2+ 23. Rxf2 gxf2+ 24. Kxf2 Bg4 25. Bb5 Rf3+ 26. Kg1 c6 27.
Qb8+ Kf7 28. Bc4 Kg6 29. Qg8+ Kh5 30. Be2 Nxg5 31. Qh8+ Qh7 32. Qxh7+ Nxh7 33.
Bxf3 Bxf3 34. Re5+ Kg4 35. Ne1 Bd1 36. Re6 c5 37. Rc6 Kg3 38. Rxc5 Nf6 39. Rg5+
Kf4 40. Rg2 Ne4 41. Nd3+ Ke3 42. Nf2 Bxc2 43. Nxe4 Bxe4 44. Rh2 Bb1 45. b3 Kd3
46. c4 Kc3 47. Kf1 Kb4 48. Ke1 Ka3 49. Kd1 Kb4 50. Kc1 Be4 51. Kb2 Bf3 52. a3+
Kc5 53. Kc3 Bg4 54. b4+ Kb6 55. a4 Be6 56. Rh6 Kc7 57. Rxe6 Kd7 58. Re5 Kd6 59.
Kd4 Kc6 60. a5 Kd6 61. b5 Kc7 62. Kd5 Kb7 63. c5 Ka7 64. Kc6 Kb8 65. b6 Ka8 66.
Re8# 1-0

[Event "Vamos lá..."]
[Site "http://www.queenalice.com/game.php?id=870120"]
[Date "2010.12.10"]
[Round "-"]
[White "dhiratsuka"]
[Black "acm_chessmaster"]
[Result "0-1"]
[WhiteElo "1606"]
[BlackElo "1748"]

1. e4 e5 2. Qh5 Nc6 3. Bb5 Nf6 4. Qe2 Nd4 5. Qd3 c6 6. c3 Nxb5 7. c4 Nd4 8. Nf3
Nxf3+ 9. Qxf3 d6 10. d3 Bg4 11. Qe3 c5 12. f3 Bh5 13. Qe2 Be7 14. g4 Bg6 15. Nc3
a6 16. h4 h6 17. Bd2 Qb6 18. Na4 Qa7 19. Ba5 Bd8 20. Bd2 b5 21. cxb5 axb5 22.
Nc3 Rb8 23. h5 Bh7 24. f4 exf4 25. Bxf4 Bc7 26. Qg2 b4 27. g5 hxg5 28. Bxg5 Bd8
29. h6 g6 30. Bf4 Be7 31. Nd5 Nxd5 32. exd5 Qa6 33. Qe4 g5 34. Qf3 gxf4 35. Rf1
Bh4+ 36. Kd2 Bg5 37. Rfe1+ Kf8 38. Qh5 Qxd3+ 39. Kc1 Qc2# 0-1

[Event "Challenge"]
[Site "http://www.queenalice.com/game.php?id=871525"]
[Date "2010.12.13"]
[Round "-"]
[White "McKubik"]
[Black "dhiratsuka"]
[Result "0-1"]
[WhiteElo "1393"]
[BlackElo "1598"]

1. e4 d5 2. Nc3 d4 3. Na4 e5 4. Qh5 Nc6 5. Bc4 g6 6. Qf3 f6 7. d3 Nb4 8. Rb1 Bh6
9. Bxh6 Nxh6 10. Rc1 Bg4 11. Qg3 Qd7 12. b3 Nxa2 13. Ra1 Nb4 14. Nc5 Qd6 15.
Nxb7 Qb6 16. Na5 Nxc2+ 17. Kf1 Nxa1 18. b4 Qxb4 19. Nc6 Qb1# 0-1

[Event "Challenge"]
[Site "http://www.queenalice.com/game.php?id=872567"]
[Date "2010.12.16"]
[Round "-"]
[White "dhiratsuka"]
[Black "rodriw02"]
[Result "1-0"]
[WhiteElo "1596"]
[BlackElo "1432"]

1. e4 e5 2. Nc3 c6 3. Qh5 d6 4. Nh3 g6 5. Qg5 Be7 6. Qe3 h5 7. f4 Bxh3 8. Qxh3
exf4 9. Be2 Bh4+ 10. g3 fxg3 11. hxg3 g5 12. gxh4 gxh4 13. Qxh4 f6 14. Bxh5+ Kd7
15. Qg4+ Kc7 16. Qg7+ Ne7 17. Qxf6 Nd7 18. Qd4 c5 19. Nb5+ Kb6 20. Qxd6+ Kxb5
21. d4 c4 22. Bd2 Rc8 23. Qb4+ Kc6 24. Qxc4+ Kd6 25. Bf4+ Ne5 26. Bxe5+ Kd7 27.
Bg4+ Ke8 28. Rxh8+ Ng8 29. Rxg8+ Ke7 30. Qe6# 1-0

[Event "Challenge"]
[Site "http://www.queenalice.com/game.php?id=874239"]
[Date "2010.12.20"]
[Round "-"]
[White "hgvergueiro"]
[Black "dhiratsuka"]
[Result "1-0"]
[WhiteElo "1487"]
[BlackElo "1605"]

1. e4 e5 2. Nf3 d5 3. Nxe5 dxe4 4. d3 Qd5 5. d4 f6 6. Bc4 Qxc4 7. Nxc4 Bb4+ 8.
c3 Be7 9. Qh5+ g6 10. Qd5 f5 11. Qe5 Nf6 12. Qxc7 Na6 13. Qe5 Bd7 14. Nd6+ Kf8
15. Bh6+ Kg8 16. Qxe7 f4 17. Qf7# 1-0

[Event "Vai meu!"]
[Site "http://www.queenalice.com/game.php?id=878316"]
[Date "2010.12.29"]
[Round "-"]
[White "dhiratsuka"]
[Black "acm_chessmaster"]
[Result "0-1"]
[WhiteElo "1581"]
[BlackElo "1763"]

1. e4 e5 2. d3 Nc6 3. Nf3 d6 4. Ng5 h6 5. Nf3 Bg4 6. Be2 Bxf3 7. Bxf3 Qf6 8. Be3
O-O-O 9. c3 Nge7 10. Na3 a6 11. Qa4 Kb8 12. b4 Ka8 13. b5 Nb8 14. b6 c6 15. Rb1
Ng6 16. Nb5 cxb5 17. Rxb5 Rc8 18. Rb3 Be7 19. d4 exd4 20. cxd4 Qe6 21. e5 d5 22.
Rb5 Qc6 23. Bxd5 Qxb5 24. Qb3 Qxb3 25. axb3 Bb4+ 26. Kd1 f6 27. exf6 gxf6 28.
Ke2 Rhe8 29. Kd3 f5 30. Bc4 f4 31. Bd2 Bxd2 32. Kxd2 Nd7 33. Bd3 Nxb6 34. Bxg6
Rg8 35. Bd3 Rxg2 36. Ra1 Rxf2+ 37. Ke1 Rxh2 38. Be4 Re8 39. Rxa6+ Kb8 40. Rxb6
Rxe4+ 41. Kf1 Rxd4 42. Kg1 Ra2 43. Kf1 Rd1# 0-1

[Event "Challenge"]
[Site "http://www.queenalice.com/game.php?id=925284"]
[Date "2011.4.12"]
[Round "-"]
[White "dhiratsuka"]
[Black "rodriw02"]
[Result "1-0"]
[WhiteElo "1576"]
[BlackElo "1642"]

1. e4 e5 2. d4 f6 3. d5 Bd6 4. Qg4 a6 5. Qxg7 Bf8 6. Qxh8 Ne7 7. Qxf6 Ng6 8. Qf3
Bc5 9. Qh3 d6 10. Qxh7 Qf6 11. Qh6 Qxf2+ 12. Kd1 Qxf1+ 13. Kd2 Qxg2+ 14. Ne2 Bg4
15. Qxg6+ Ke7 16. Qg5+ Kf7 17. Re1 Qf3 18. Ng3 Qf2+ 19. Ne2 Be3+ 20. Qxe3 Qf6
21. Kd1 Nd7 22. h3 Bh5 23. Bd2 Rg8 24. Qa7 Nc5 25. Kc1 Qf2 26. Nbc3 Kf6 27. b4
Bxe2 28. Nxe2 Qf3 29. bxc5 Qa3+ 30. Kb1 Qa4 31. Rf1+ Ke7 32. cxd6+ Kxd6 33. Rf6+
Kd7 34. Nc3 Rg1+ 35. Qxg1 Qb4+ 36. Kc1 Qa3+ 37. Kd1 Qe7 38. Re6 Qf7 39. Qg5 Qf1+
40. Be1 Qf3+ 41. Ne2 Qf7 42. Qxe5 b5 43. Rc6 Kc8 44. Qf5+ Qd7 45. Bh4 Qxf5 46.
exf5 a5 47. d6 Kd7 48. dxc7 Kxc6 49. c8=Q+ Kd5 50. f6 Ke5 51. f7 b4 52. f8=Q Ke4
53. Qf4+ Kd5 54. Qd4# 1-0

[Event "Challenge"]
[Site "http://www.queenalice.com/game.php?id=945933"]
[Date "2011.6.4"]
[Round "-"]
[White "dhiratsuka"]
[Black "McKubik"]
[Result "1-0"]
[WhiteElo "1576"]
[BlackElo "1381"]

1. e4 e5 2. d4 Nc6 3. d5 Nd4 4. c3 Qh4 5. cxd4 Qxe4+ 6. Be3 exd4 7. Nd2 Qxd5 8.
Ngf3 dxe3 9. fxe3 Bb4 10. a3 Bxd2+ 11. Qxd2 Qb3 12. Nd4 Qd5 13. Nb5 Qc5 14. Rc1
Qe5 15. Nxc7+ Qxc7 16. Rxc7 Ne7 17. Bb5 O-O 18. O-O a6 19. Bd3 b5 20. Rc3 h6 21.
Be4 Ra7 22. Bb1 g6 23. e4 Nc6 24. Qxh6 Ne5 25. Rh3 f6 26. Qh7# 1-0

[Event "Challenge"]
[Site "http://www.queenalice.com/game.php?id=945934"]
[Date "2011.6.4"]
[Round "-"]
[White "dhiratsuka"]
[Black "hgvergueiro"]
[Result "0-1"]
[WhiteElo "1595"]
[BlackElo "1521"]

1. e4 e5 2. Qh5 d6 3. d3 g6 4. Qd1 Nf6 5. Bg5 h6 6. Bxf6 Qxf6 7. Nc3 c6 8. Qd2
a6 9. Na4 Nd7 10. f3 b5 11. Nc3 h5 12. Nge2 Bh6 13. Qd1 Be3 14. g3 Qxf3 15. Ng1
Qf2# 0-1

[Event "Challenge"]
[Site "http://www.queenalice.com/game.php?id=948134"]
[Date "2011.6.10"]
[Round "-"]
[White "hgvergueiro"]
[Black "dhiratsuka"]
[Result "0-1"]
[WhiteElo "1558"]
[BlackElo "1592"]

1. e4 e5 2. c3 Nf6 3. f3 Nh5 4. a3 d6 5. d3 c5 6. Qa4+ Bd7 7. Qc4 Nc6 8. Nd2 Na5
9. Qa2 Be6 10. b3 b5 11. g4 Nf4 12. Qc2 Qh4+ 13. Kd1 Qf2 14. b4 Ng2 15. Bxg2
Qxg2 16. Bb2 Qxh1 17. Ke2 Qxh2+ 18. Kf1 cxb4 19. axb4 Nb3 20. Rd1 Bxg4 21. fxg4
Nxd2+ 22. Rxd2 Qf4+ 23. Rf2 Qxg4 24. Qb3 f6 25. Qd5 Rc8 26. Qb7 Be7 27. Qxb5+
Qd7 28. Qa5 Bd8 29. Qa1 Bb6 30. Qd1 Bxf2 31. Kxf2 d5 32. Qf3 d4 33. Ne2 dxc3 34.
Bxc3 O-O 35. Qh5 Qxd3 36. Qf5 Qc2 37. Qe6+ Kh8 38. Ke1 Qxe4 39. Qd6 Qc6 40. Qd3
Qh1+ 41. Kd2 Rfd8 42. Bd4 exd4 43. Qa6 d3 44. Nf4 Qc1# 0-1

[Event "Challenge"]
[Site "http://www.queenalice.com/game.php?id=951348"]
[Date "2011.6.18"]
[Round "-"]
[White "dhiratsuka"]
[Black "McKubik"]
[Result "1-0"]
[WhiteElo "1584"]
[BlackElo "1382"]

1. e4 e5 2. Qh5 Qe7 3. Bc4 g6 4. Qg4 Nc6 5. Nf3 d6 6. Qg3 Nf6 7. Ng5 Nd4 8. O-O
Nxc2 9. Bxf7+ Kd8 10. Bc4 Nxa1 11. Nf7+ Ke8 12. Nxh8 Nxe4 13. Qf3 Bf5 14. d3 Nc5
15. Nc3 Bxd3 16. Bxd3 Bg7 17. Nd5 Qd8 18. Qf7# 1-0

[Event "Challenge"]
[Site "http://www.queenalice.com/game.php?id=962344"]
[Date "2011.7.20"]
[Round "-"]
[White "dhiratsuka"]
[Black "McKubik"]
[Result "0-1"]
[WhiteElo "1607"]
[BlackElo "1450"]

1. e4 e5 2. d4 Nc6 3. d5 Na5 4. Qg4 Qe7 5. Be3 b6 6. Bd3 Nf6 7. Qe2 d6 8. f4
exf4 9. Bxf4 Bg4 10. Bb5+ c6 11. Bxc6+ Nxc6 12. Qc4 Na5 13. Qa4+ Kd8 14. Nc3 Bd7
15. Nb5 Nxe4 16. Nf3 Nc3+ 17. Be5 Nxa4 18. Nxd6 f6 19. O-O fxe5 20. Nxe5 Qxe5
21. Nf7+ Ke7 22. Nxe5 Bc8 23. Rad1 Nxb2 24. d6+ Kd8 25. Nf7+ Kd7 26. Nxh8 Nxd1
27. Rxd1 Nc4 28. Nf7 Nxd6 29. Ne5+ Ke6 30. Re1 Nf5 31. Nc6+ Kf6 32. g4 Nh4 33.
Rf1+ Nf5 34. h4 g6 35. g5+ Kg7 36. Rd1 Bc5+ 37. Kh2 Be6 38. Nd8 Bd6+ 39. Rxd6
Nxd6 40. Nxe6+ Kh8 41. Kh3 Ne4 42. c4 Rc8 43. Nf4 Rxc4 44. Nd5 Rd4 45. Ne7 Rd3+
46. Kg4 a5 47. h5 Nf2+ 48. Kf4 gxh5 49. Kf5 Rd6 50. Ke5 Rd2 51. a4 Rd8 52. Nd5
h4 53. Ke6 h3 54. Nf6 h2 55. Kf7 h1=Q 56. Ng8 Qd5+ 57. Ke7 Qxg8 58. Kf6 Rd7 59.
Kf5 Qg6+ 60. Kf4 Rf7+ 61. Ke5 Qxg5+ 62. Kd4 Rf4+ 63. Ke3 Qg3+ 64. Ke2 Nh1 65.
Kd1 Rxa4 66. Ke2 b5 67. Kd2 Nf2 68. Ke2 Ne4 69. Kd1 Ra2 70. Kc1 Qg1# 0-1

[Event "Challenge"]
[Site "http://www.queenalice.com/game.php?id=1019040"]
[Date "2012.1.29"]
[Round "-"]
[White "dhiratsuka"]
[Black "acm_chessmaster"]
[Result "0-1"]
[WhiteElo "1585"]
[BlackElo "1707"]

1. e4 e5 2. Qf3 Qf6 3. d3 Qxf3 4. Nxf3 Nc6 5. Bg5 Be7 6. h4 Bxg5 7. Nxg5 h6 8.
Nf3 d6 9. h5 Nf6 10. Nc3 Bd7 11. Be2 a6 12. Na4 Na7 13. Nd2 Bxa4 14. b3 Bc6 15.
g4 O-O-O 16. c4 Bd7 17. f3 Nc6 18. a4 Nd4 19. Rh2 Nc2+ 20. Kf2 Nxa1 21. Ke3 Nc2+
22. Kf2 Nd4 23. Ke3 Nxe2 24. Rxe2 g6 25. hxg6 fxg6 26. a5 h5 27. g5 Nh7 28. Rg2
Rdf8 29. b4 Rf7 30. c5 Nf8 31. cxd6 cxd6 32. Nc4 Kc7 33. Rc2 Bc6 34. d4 exd4+
35. Kxd4 Rxf3 36. Ne3 Rf4 37. Nd5+ Kd7 38. Nxf4 Ne6+ 39. Ke3 Nxf4 40. Kxf4 Ke6
41. Rd2 Rf8+ 42. Kg3 Bxe4 43. Rf2 Rxf2 44. Kxf2 Kf5 45. Ke3 d5 46. Kd4 Kxg5 47.
Kc5 h4 48. Kb6 d4 49. Kc5 d3 50. Kd4 Kf4 51. b5 axb5 52. Kc3 h3 53. Kd2 h2 54.
Kc3 h1=Q 55. Kd2 b4 56. a6 Qg2+ 57. Kd1 Bf3+ 58. Ke1 Qe2# 0-1

[Event "Challenge"]
[Site "http://www.queenalice.com/game.php?id=1058595"]
[Date "2012.5.11"]
[Round "-"]
[White "soudeDeus"]
[Black "dhiratsuka"]
[Result "0-1"]
[WhiteElo "1523"]
[BlackElo "1574"]

1. g3 e6 2. Bg2 Bc5 3. e3 d5 4. b3 d4 5. Bb2 dxe3 6. dxe3 Qxd1+ 7. Kxd1 Nf6 8.
Nd2 O-O 9. Ne4 Nxe4 10. Bxe4 Na6 11. Ne2 f6 12. Nc3 e5 13. Nd5 Rd8 14. Ke2 c6
15. Nc3 Bg4+ 16. f3 Be6 17. f4 Bg4+ 18. Kf2 Rd2+ 19. Ke1 Rad8 20. Bc1 Bxe3 21.
Bxd2 Bxd2+ 22. Kf1 Bxc3 23. Rc1 Nc5 24. Bg2 exf4 25. gxf4 a5 26. Kf2 f5 27. h3
Bd4+ 28. Ke1 Bc3+ 29. Kf2 Rd2+ 30. Kg1 Bh5 31. Kh2 Bf3 32. Rhg1 Ne4 33. Rcf1 Bh5
34. a3 Rxc2 35. Kh1 Ng3+ 36. Kh2 Nxf1+ 37. Rxf1 b5 38. Kh1 Be8 39. Rf3 b4 40.
axb4 axb4 41. Re3 Bf7 42. Bxc6 Kf8 43. Kg1 Bd4 44. Kf1 Bxe3 45. Ke1 Rxc6 46. Ke2
Rc3 47. Kf3 Rxb3 48. h4 Bb6+ 49. Ke2 Rc3 50. Kd2 Ba5 51. h5 b3 52. Ke2 b2 53.
Kf2 b1=Q 54. Kg2 Qb2+ 55. Kg1 Rc1# 0-1

[Event "Challenge"]
[Site "http://www.queenalice.com/game.php?id=1074173"]
[Date "2012.6.20"]
[Round "-"]
[White "soudeDeus"]
[Black "dhiratsuka"]
[Result "1-0"]
[WhiteElo "1622"]
[BlackElo "1588"]

1. g3 e5 2. Bg2 Qf6 3. b3 e4 4. c3 Bc5 5. e3 d5 6. Bb2 Bb4 7. Nh3 Nh6 8. Nf4 Bg4
9. f3 exf3 10. Bxf3 c6 11. Na3 Nd7 12. Rb1 Ne5 13. cxb4 Bxf3 14. Bxe5 Bxd1 15.
Bxf6 gxf6 16. Kxd1 Ng4 17. Ke2 O-O-O 18. b5 c5 19. d4 cxd4 20. exd4 Rhe8+ 21.
Kf3 f5 22. h3 Re3+ 23. Kg2 Nf6 24. Kf2 Rde8 25. Rhe1 R3e4 26. Rxe4 fxe4 27. Nc2
b6 28. Ne3 h5 29. Nfxd5 Nxd5 30. Nxd5 f5 31. Nf6 e3+ 32. Ke2 Re6 33. Nxh5 Rh6
34. g4 fxg4 35. hxg4 Re6 36. g5 Kd7 37. Rg1 Kd6 38. g6 Kd5 39. g7 Re4 40. g8=Q+
Kxd4 41. Qc4+ Ke5 42. Qd3 a5 43. Rg5+ Ke6 44. Qxe4+ Kd6 45. Kxe3 Kc7 46. Qe6 Kb7
47. Rg7+ 1-0